000 00481nam a2200193 a 4500
001 1755588052720
003 YourLibrary
005 20250819125237.0
008 250819s2009##################000#0#eng##
020 _a9780385613866
082 0 4 _a523.3
_bSTR
100 1 _aStroud, Rick,
_eauthor.
245 1 0 _aThe Book of the Moon :
260 _bRandom House,
_c2009.
300 _a370 pages
650 0 _aNature.
942 _cENGLISH
040 _aYourLibrary
_beng
_cYourLibrary
999 _c582741
_d582741